|
|
|
|
| LEADER |
00000cam a2200000Mu 4500 |
| 001 |
EBOOKCENTRAL_on1038487513 |
| 003 |
OCoLC |
| 005 |
20240329122006.0 |
| 006 |
m o d |
| 007 |
cr |n|---||||| |
| 008 |
180602s2016 enk o 000 0 eng d |
| 040 |
|
|
|a EBLCP
|b eng
|e pn
|c EBLCP
|d IDB
|d OCLCQ
|d UKAHL
|d OCLCQ
|d CHVBK
|d OCLCO
|d OCLCF
|d K6U
|d OCLCQ
|d OCLCO
|d OCLCL
|
| 020 |
|
|
|a 9781844576708
|
| 020 |
|
|
|a 1844576701
|
| 029 |
1 |
|
|a CHVBK
|b 601690508
|
| 029 |
1 |
|
|a CHNEW
|b 001092989
|
| 029 |
1 |
|
|a AU@
|b 000070391907
|
| 035 |
|
|
|a (OCoLC)1038487513
|
| 050 |
|
4 |
|a PN2287
|
| 082 |
0 |
4 |
|a 791.43028092
|
| 049 |
|
|
|a UAMI
|
| 100 |
1 |
|
|a Sullivan, Rebecca.
|
| 245 |
1 |
0 |
|a Natalie Wood.
|
| 260 |
|
|
|a London :
|b BFI Publishing,
|c 2016.
|
| 300 |
|
|
|a 1 online resource (161 pages)
|
| 336 |
|
|
|a text
|b txt
|2 rdacontent
|
| 337 |
|
|
|a computer
|b c
|2 rdamedia
|
| 338 |
|
|
|a online resource
|b cr
|2 rdacarrier
|
| 490 |
1 |
|
|a Film Stars Ser.
|
| 588 |
0 |
|
|a Print version record.
|
| 505 |
0 |
|
|a Cover; CONTENTS; ACKNOWLEDGMENTS; INTRODUCTION; 1 THE CHILD-WOMAN; 2 THE SEXUAL HYSTERIC; 3 RACIAL AND SEXUAL AMBIGUITY; 4 A SEXUAL LIBERTINE IN THE SUBURBS; CONCLUSION: THE ETERNAL INGÉNUE; BIBLIOGRAPHY; FILMOGRAPHY; INDEX.
|
| 590 |
|
|
|a ProQuest Ebook Central
|b Ebook Central Academic Complete
|
| 600 |
1 |
0 |
|a Wood, Natalie.
|
| 600 |
1 |
7 |
|a Wood, Natalie
|2 fast
|1 https://id.oclc.org/worldcat/entity/E39PBJkp8B4FTxgtQ6tBbJ6Yfq
|
| 650 |
|
0 |
|a Motion picture actors and actresses
|z United States
|v Biography.
|
| 650 |
|
7 |
|a Motion picture actors and actresses
|2 fast
|
| 651 |
|
7 |
|a United States
|2 fast
|1 https://id.oclc.org/worldcat/entity/E39PBJtxgQXMWqmjMjjwXRHgrq
|
| 655 |
|
7 |
|a Biographies
|2 fast
|
| 758 |
|
|
|i has work:
|a Natalie Wood (Text)
|1 https://id.oclc.org/worldcat/entity/E39PCFJJJ844k3Q6J8WXmvgXFq
|4 https://id.oclc.org/worldcat/ontology/hasWork
|
| 776 |
0 |
8 |
|i Print version:
|a Sullivan, Rebecca.
|t Natalie Wood.
|d London : BFI Publishing, ©2016
|z 9781844576371
|
| 830 |
|
0 |
|a Film Stars Ser.
|
| 856 |
4 |
0 |
|u https://ebookcentral.uam.elogim.com/lib/uam-ebooks/detail.action?docID=5400941
|z Texto completo
|
| 938 |
|
|
|a Askews and Holts Library Services
|b ASKH
|n AH37835393
|
| 938 |
|
|
|a Askews and Holts Library Services
|b ASKH
|n AH32539665
|
| 938 |
|
|
|a EBL - Ebook Library
|b EBLB
|n EBL5400941
|
| 994 |
|
|
|a 92
|b IZTAP
|